000 00305 a2200157 4500
001 50555
020 _a8508062060
040 _cAnchieta - Bela Vista
240 1 0 _aAs plantas
_lpor
245 1 0 _aAs plantas
300 _a125
362 0 _a1998
440 1 _aÁtica
650 4 _aBiologia
942 _cBK
999 _c50555
_d50555